Ekonomi dalam perspektif al-Qur'an dan al-Sunnah

Bibliographic Details
Main Author: Mohd. Radzi Othman
Other Authors: Ghafarullahhuddin Din
Format: Book
Published: Pulau Pinang : Penerbit Universiti Sains Malaysia, , 2005
Subjects:

MARC

LEADER 00000cam a2200000 7i4500
001 0000003585
005 20070809.0
020 0 0 |a 9833391176 
090 0 0 |a 297.273   |b MRO 
100 1 0 |a Mohd. Radzi Othman 
245 1 0 |a Ekonomi dalam perspektif al-Qur'an dan al-Sunnah   |c Mohd. Radzi Othman, Ghafarullahhuddin Din 
260 0 0 |a Pulau Pinang :   |b Penerbit Universiti Sains Malaysia, ,   |c 2005 
300 |a xiv, 410ms. ;   |c 25cm. 
500 0 0 |a Mengandungi ayat-ayat dari al-Quran 
500 0 0 |a Mengandungi indeks 
650 0 0 |a Economics   |x Religious aspects   |x Islam 
650 0 0 |a Islam   |x Economic aspects 
700 1 1 |a Ghafarullahhuddin Din 
999 |a 0000006979   |b Monograph   |c Open Shelf   |e Default branch